000 00468nam a22001937a 4500
003 MPLRDC
005 20220104143801.0
008 210129b ||||| |||| 00| 0 eng d
020 _a957-9182-60-4
082 _a293.25 LZK
100 _a隆中客 编著
245 _a十二生肖与你一生
_c
250 _a初版
260 _a
_b玉树图书印刷
_c1998
300 _b
490 _a命理丛书
650 _a相书--生肖
942 _cBK
_o293.25 LZK
999 _c43293
_d43283